RE11 & R55 - Stasjoner - Statistics

General Stats
  • This quiz has been taken 2 times
  • The average score is 23 of 27
Answer Stats
Linje Stasjon % Correct
RE11 Asker
100%
RE11 Drammen
100%
RE11 Eidsvoll
100%
RE11 Eidsvoll Verk
100%
RE11 Holmestrand
100%
RE11 Larvik
100%
RE11 Lillestrøm
100%
RE11 Lysaker
100%
RE11 Oslo S
100%
RE11 Porsgrunn
100%
R55 Porsgrunn
100%
RE11 Sande
100%
RE11 Sandefjord
100%
RE11 Sandvika
100%
RE11 Skien
100%
R55 Skien
100%
RE11 Skoppum
100%
RE11 Skøyen
100%
RE11 Stokke
100%
RE11 Tønsberg
100%
RE11 Torp
100%
RE11 Nationaltheatret
50%
R55 Nordagutu
50%
R55 Notodden
50%
RE11 Oslo Lufthavn
50%
R55 Nisterud
0%
R55 Trykkerud
0%
No matching quizzes found
Score Distribution
Percent of People with Each Score
Percentile by Number Answered
Your Score History
You have not taken this quiz